Integración del balance hídrico de la red fluvial de la cuenca del río Abangares, Guanacaste
Salvato in:
| Autore principale: | |
|---|---|
| Natura: | Libro |
| Pubblicazione: |
[San José], Costa Rica
2014
|
| Soggetti: | |
| Tags: |
Aggiungi Tag
Nessun Tag, puoi essere il primo ad aggiungerne!!
|
MARC
| LEADER | 00000nam a22000007a 4500 | ||
|---|---|---|---|
| 003 | 012098 | ||
| 005 | 20221231143847.0 | ||
| 008 | 150216b2014 cr a|||| |||| 00| 0 s d | ||
| 040 | |c cru CEDI | ||
| 090 | |a TFG 7264 | ||
| 100 | |9 33 |a Araya Lescouflair, Angie | ||
| 245 | |a Integración del balance hídrico de la red fluvial de la cuenca del río Abangares, Guanacaste | ||
| 260 | |a [San José], Costa Rica |c 2014 | ||
| 500 | |a Proyecto de graduación (licenciatura en ingeniería civil)--Universidad de Costa Rica. Facultad de Ingeniería. Escuela de Ingeniería Civil | ||
| 650 | |x BALANCE HIDRICO (HIDROLOGIA) |x RECURSOS HIDRICOS |x CUENCAS HIDROGRAFICAS |z CUENCA DEL RIO ABANGARES (COSTA RICA) |9 34 | ||
| 942 | |c TFG | ||
| 999 | |c 13377 |d 13377 | ||
